Responses for Show #833 - Wednesday, March 30, 1988

Steven Popper game 3.

Contestants

[<< previous game]

Christine Heely, an attorney originally from St. Louis

Ron Abbott, a telemarketer from Sherman Oaks, California

Steven Popper, an economist originally from Minneapolis, Minnesota (whose 2-day cash winnings total $25,700)

[next game >>]

Jeopardy! Round responses

ZOOLOGY
LEGAL LINGO
F. SCOTT FITZGERALD
STAMPS & COINS
CHARACTERS IN MUSICALS
"Y" NOT?
    $100 16
a stinger

Christine
    $100 17
a copyright

Steven
    $100 22
Los Angeles

Steven
    $100 6
the nickel

Steven
    $100 1
Guys and Dolls

Steven
    $500 11
yodeling

Steven
    $200 18
a lion

Steven
    $200 29
(Christine: What is a brand?)

[Christine was originally ruled incorrect, but was given credit prior to the DJ round because brand is synonymous with [*]

a trademark

RonChristine
    $200 23
the 1st World War

Steven
    $200 7
a hot air balloon

Steven
    $200 2
Hello, Dolly!"

Ron
    $200 12
Old Yeller

Steven
    $300 19
hearts

Steven
    $300 30
probate

Steven
    $300 24
Zelda

Steven
    $300 8
West Point

Triple Stumper
    $300 3
Auntie Mame

Ron
    $300 13
yogurt

Steven
    $400 20
a moose

Steven
    $400 28
common-law marriage

Steven
    $400 25
the jazz era

Steven
    $400 9
proof coins

Steven
    $400 4
Fiddler on the Roof

Steven
    $400 14
Yum-Yum

Steven
    $500 21
an ostrich

Triple Stumper
    $500 27
to withhold money from a salary

Ron
    $500 26
The Last Tycoon

Ron
    $500 10
first day of issue

Steven
    $500 5
Gypsy

Steven
    $500 15
yaks

Triple Stumper

Scores at the first commercial break (after clue 11):

Steven Ron Christine
$2,700 $500 $0

Scores at the end of the Jeopardy! Round:

Steven Ron Christine
$6,300 $1,700 $300

Double Jeopardy! Round responses

WAR OF 1812
'60s TV
THE SOLAR SYSTEM
SIBERIA
FAMOUS HOMES
BY THE NUMBERS
    $200 9
white

Steven
    $200 4
Bewitched

Steven
    $200 14
ellipse

Steven
    $200 3
Stalin

Christine
    $200 16
Jefferson Davis

Ron
    $200 1
9

Christine
    $400 10
Detroit

Steven
    $400 15
sunrise & sunset

Christine
    $400 5
the Urals

Steven
    $400 2
3

Steven
    $600 11
(Ron: What is Amsterdam?)

Belgium

StevenRon
    $600 27
(Ron: What is "To Catch a Thief"?)

[End-of-round signal sounds]

It Takes a Thief

Ron
Triple Stumper
    $600 17
(Ron: What are the rings?)

the great red spot

Ron
Triple Stumper
    $2,000 6
(Steven: What are China & Afghanistan?)

(2 of) China, Mongolia & North Korea

Steven
    $600 18
(Steven: What is point zero?)

ground zero

StevenRon
    $800 12
Madison

Steven
    $800 26
Please Don't Eat the Daisies

Christine
    $800 21
neap tides

Ron
    $800 7
the Arctic Ocean

Steven
    $800 24
(Ron: Who was Tennessee Williams?)

Ernest Hemingway

RonChristine
    $800 19
(Ron: What are 12-year molars?)
(Christine: What are 3-year molars?)

6-year molars

RonChristine
Triple Stumper
    $1000 13
the war hawks

Triple Stumper
    $1,000 25
(Christine: What are The Bob Cummings Show &..."The Bob Cat Show"?)

The bob Cummings Show & The Bob Newhart Show

Christine
    $1000 22
(Christine: What is the Southern Cross?)

the aurora australis

Christine
Triple Stumper
    $1000 8
Vladivostok

Steven
    $1000 23
(Alex: Good. Go again, we've got a minute to go.)

Sarasota

Ron
    $1000 20
150

Triple Stumper

Scores at the end of the Double Jeopardy! Round:

Steven Ron Christine
$8,700 $900 -$100
(lock game)

[wagering suggestions for these scores]

Final Jeopardy! Round responses

SAINTLY CITIES
RonWhat is San Francisco
$800
StevenWhat is San Francisco?
$3,000
San Diego

Final scores:

Steven Ron Christine
$5,700 $100 -$100
3-day champion: $31,400 2nd place: a Frigidare range & a cookware set 3rd place: set of kitchen appliances

Game dynamics:

Coryat scores:

Steven Ron Christine
$10,300 $900 $900
31 R
(including 1 DD),
2 W
(including 1 DD)
9 R,
5 W
7 R,
3 W
(including 1 DD)

Combined Coryat: $12,100

[game clues] [game scores] [suggest correction]

Game tape date: 1987-12-08
The J! Archive is created by fans, for fans. Scraping, republication, monetization, and malicious use prohibited; this site may use cookies and collect identifying information. See terms. The Jeopardy! game show and all elements thereof, including but not limited to copyright and trademark thereto, are the property of Jeopardy Productions, Inc. and are protected under law. This website is not affiliated with, sponsored by, or operated by Jeopardy Productions, Inc. Join the discussion at JBoard.tv.